| 000 | 00752nam a2200217 4500 | ||
|---|---|---|---|
| 001 | 36789 | ||
| 003 | BD-RjUL | ||
| 005 | 20211209052536.0 | ||
| 008 | 140904s1967 bg |||| |||| 000 0 ben d | ||
| 035 | _a(BD-RjUL) 36891 | ||
| 040 |
_aBD-RjUL _beng _cBD-RjUL |
||
| 041 | _aben | ||
| 082 |
_a৮৯১.৪৪১ _bমামুস্ব ১৯৬৭ |
||
| 100 |
_aমামুদ, হায়াৎ. _9112222 |
||
| 245 | 1 | 0 |
_aস্বগত সংলাপ / _cহায়াৎ মামুদ |
| 260 |
_aঢাকা : _bসাহিত্য শিল্প, _c১৯৬৭ |
||
| 300 |
_a৩৫পৃ. ; _c২২ সেমি. |
||
| 650 |
_aবাংলা সাহিত্য _9112223 |
||
| 650 |
_aBengali Literature _9112224 |
||
| 942 |
_2ddc _cBK |
||
| 999 |
_c36789 _d36789 |
||